5 Seconds of Summer (5SOS) - Moving Along - All lyrics - Statistics

General Stats
  • This quiz has been taken 35 times
  • The average score is 347 of 377
Answer Stats
Answer % Correct
a
100%
along?
100%
I
100%
(I
100%
me?
100%
me
100%
movin'
100%
on
100%
on,
100%
So
100%
So,
100%
who
100%
ya
100%
you
100%
you're
100%
are
96%
Are
96%
Have
96%
if
96%
I'm
96%
in
96%
Is
96%
it
96%
It
96%
just
96%
know
96%
know)
96%
my
96%
that
96%
That
96%
the
96%
All
92%
alone
92%
alone,
92%
already
92%
And
92%
bad
92%
bad?
92%
been
92%
bout
92%
gone
92%
lately
92%
like
92%
lots
92%
love
92%
naked
92%
one
92%
sofa?
92%
tell
92%
Thinking
92%
to
92%
breakfast
88%
broken?
88%
but
88%
eatin'
88%
hopin'
88%
of
88%
Scared
88%
stupid
88%
wish
88%
wishing
88%
wrong
88%
wrong?
88%
didn't
84%
now
84%
Or
84%
weird
84%
weird?
84%
couple
80%
do
80%
ended
80%
fish
80%
ocean
80%
took
80%
when
80%
ask
76%
drinks
76%
found
76%
never
76%
regrettin'
76%
won't
76%
come
72%
eating
72%
Even
72%
haven't
72%
over?
72%
sober?
72%
still
72%
though
72%
admit
68%
drunken
68%
damn,
64%
empty
64%
I'd
64%
beds
60%
don't
52%
fillin'
36%
No matching quizzes found
Score Distribution
Percent of People with Each Score
Percentile by Number Answered
Your Score History
You have not taken this quiz